Earth science : Understanding environmental systems

Earth Science: Understanding Environmental Systems is intended for introductory courses in Earth Science and Earth Systems Science, which place emphasis on the systems approach to earth science with special attention to the impact these systems have on the environment. It is appropriate for non-scie...

Ausführliche Beschreibung

Gespeichert in:
Bibliographische Detailangaben
1. Verfasser: Spencer, Edgar W.
Format: Buch
Sprache:Undetermined
Veröffentlicht: Boston McGraw-Hill 2003
Schlagworte:
Tags: Tag hinzufügen
Keine Tags, Fügen Sie den ersten Tag hinzu!
Thư viện lưu trữ: Trung tâm Học liệu Trường Đại học Cần Thơ
LEADER 00911nam a2200217Ia 4500
001 CTU_115947
008 210402s9999 xx 000 0 und d
020 |c 70.28 
082 |a 550 
082 |b S745 
100 |a Spencer, Edgar W. 
245 0 |a Earth science : 
245 0 |b Understanding environmental systems 
245 0 |c Edgar W. Spencer 
260 |a Boston 
260 |b McGraw-Hill 
260 |c 2003 
520 |a Earth Science: Understanding Environmental Systems is intended for introductory courses in Earth Science and Earth Systems Science, which place emphasis on the systems approach to earth science with special attention to the impact these systems have on the environment. It is appropriate for non-science majors with no previous college science or mathematics courses 
650 |a Earth sciences 
904 |i Vương 
980 |a Trung tâm Học liệu Trường Đại học Cần Thơ